01016nam a2200217 a 450000100100000000500170001000800410002702000180006804000250008608200210011110000430013224501060017526000370028130000270031859000260034570000320037195201340040395201190053795201250065699900170078100004776420201002060725.0180807s2018 dr a r 000 0 spa d a9789945125474 aDO-SdBNPbspacBNPHU axxxxbR696e 5to.1 aRodríguez Rosario, Islen Elba97487410aEducación artística 5 secundaria /cIslen Elba Rodríguez Rosario ; ilustraciones Billi J. Cena. aSanto Domingo :bSusaeta,c2018. a79 p. :bil. ;c22 cm. aInventariado, 2018/BT1 aCena, Billi J.,eil.975361 001054708DSaGRbGRcHDd2018-08-07iLF1l0oxxxx R696e 5to.p47764-30r2020-06-25te. 3w2020-06-25yLFDSZPréstamo en sala 0010718PDaPDbPDcHDd2018-08-07iLF1l0oxxxx R696e 5to.p47764-10r2020-06-25w2020-06-25yLFPDZNo se presta 0010718PDaPDbPDcHDd2018-08-07iLF1l0oxxxx R696e 5to.p47764-20r2020-06-25te. 2w2020-06-25yLFPDZNo se presta c47252d47252